Chornobyl (Запис № 574700)

МАРК-запис
000 -Лідер
fixed length control field 00774nam a22002177a 4500
001 - Контрольний номер
control field 2162214035923929
003 - Ідентифікатор контрольного номера
control field UA-OsUOA
005 - Дата та час останнього входження (трансакції)
control field 20230728120409.0
008 - Елементи даних фіксованої довжини – загальна інформація
fixed length control field 230726b un ||||| |||| 00| 0 ukr d
040 ## - Джерело каталогізації
Агенція оригінальної каталогізації UA-OsUOA
Мова каталогізації ukr
Агенція, яка здійснювала перезапис UA-OsUOA
Агенція, яка здійснювала модифікацію UA-OsUOA
041 ## - Код мови
Код мови тексту/ звукової доріжки чи окремого заголовка (П) eng
080 ## - Індекс Універсальної десяткової класифікації
Індекс Універсальної десяткової класифікації (УДК) (НП) 77.03(082)
090 ## - Локальний шифр розміщення
Класифікаційний індекс УДК 77.03(082)
111 ## - Наймення заходу – загальна інформація
Найменування заходу як початковий елемент введення Chornobyl. 5 years after
Місце зустрічі Detroit
Дата зустрічі 16.04.1991-05.05.1991
245 ## - Відомості про назву
Назва (НП) Chornobyl
Решта назви (НП) 5 years after
260 ## - Публікація, розповсюдження і т.п. (Вихідні дані)
Дата публікації, розповсюдження і т.п. (П) 1991
300 ## - Фізичний опис
Обсяг 42 p.
650 ## - Додаткове предметне введення – тематичний термін
Джерело заголовка чи терміна UDC
Тематичний термін чи географічна назва, як елемент введення (НП) 77.03 Документальна фотографія. Фотографічні записи та їхня оцінка
942 ## - Додаткові елементи входу (Коха)
Source of classification or shelving scheme Universal Decimal Classification
Тип елемента Koha Брошура
Фонди
Стан вилучень Стан втрат Джерело класифікації або схеми стелажів Стан уражень Не для кредиту Код колекції Постійне місце розташування Поточне розміщення Дата придбання Джерело придбання Інвентарний номер Усього замовленно Повний номер виклику Штрих-код Дата останнього перегляду Ціна ефективна від Тип елемента Koha
    Universal Decimal Classification     Колекція Віри та Богдана Боднаруків Наукова бібліотека ІДУД Наукова бібліотека ІДУД 26/07/2023 Акт надходжень №3/05.07.2023 (від Боднаруків) 2140477   77.03(082) 2140477 26/07/2023 26/07/2023 Брошура